| 000 | 00671nam a2200217 a 4500 | ||
|---|---|---|---|
| 005 | 20260427162643.0 | ||
| 008 | 260416s2026##################000#0#eng## | ||
| 020 |
_a9780406000422 _qHBK |
||
| 041 | _aeng | ||
| 082 | 0 | 4 | _a348.42 ALLR |
| 100 | _aBridgman,G.F.L | ||
| 245 | 1 | 0 |
_aThe All England Law Reports Reprint _bBeing a Selection from the Law Times Reports 1843-1935 _cEdited by G.F.L Bridgman |
| 260 |
_aUnited Kingdom _bButterworth & co. LTD _c2000 |
||
| 300 |
_a721p. : _c22cm. |
||
| 650 | _aLaws, regulations & cases | ||
| 700 | _a Swingland .W.O.M | ||
| 700 | _aKidner .A.G | ||
| 700 | _aPlummer .R.M | ||
| 700 | _aSummerfield,Henry | ||
| 942 | _cENGLISH | ||
| 999 |
_c619516 _d619516 |
||